Statistics for Marvel Movie Actors

Click here to take the quiz!

General Stats

  • This quiz has been taken 171 times
    (52 since last reset)
  • The average score is 27 of 49

Answer Stats

CharacterMoviesActor% Correct
Iron ManIron Man, Avengers, Spider-Man: HomecomingRobert Downey Jr.
96%
ThorThor, AvengersChris Hemsworth
89%
Spider-ManSpider-Man: HomecomingTom Holland
89%
Star-LordGuardians of the GalaxyChris Pratt
87%
Captain AmericaCaptain America, AvengersChris Evans
85%
HawkeyeThor, AvengersJeremy Renner
83%
WolverineX-Men, Wolverine, LoganHugh Jackman
83%
Nick FuryAvengers,Captain America,Iron ManSamuel L. Jackson
79%
Black WidowIron Man, Captain America: Winter Soldier, AvengersScarlett Johansson
79%
GrootGuardians of the GalaxyVin Diesel
74%
LokiThor, AvengersTom Hiddleston
74%
Ant-ManAnt-Man, Captain America: Civil WarPaul Rudd
74%
Doctor StrangeDoctor StrangeBenedict Cumberbatch
74%
HulkAvengersMark Ruffalo
70%
Rocket RaccoonGuardians of the GalaxyBradley Cooper
70%
Jane FosterThor TrilogyNatalie Portman
68%
War MachineIron Man 2, Avengers: Age of UltronDon Cheadle
68%
DeadpoolDeadpool, X-Men Origins: WolverineRyan Reynolds
68%
Spider-ManAmazing Spider-ManAndrew Garfield
68%
Spider-ManSpider-Man TrilogyToby Maguire
55%
Black PantherCaptain America: Civil WarChadwick Boseman
55%
GamoraGuardians of the GalaxyZoe Saldana
55%
Professor XX-Men, Wolverine, LoganPatrick Stewart
53%
HulkThe Incredible HulkEdward Norton
53%
Winter SoldierCaptain America Winter Soldier, Civil WarSebastian Stan
49%
ThanosGuardians of the Galaxy, AvengersJosh Brolin
49%
OdinThorAnthony Hopkins
49%
VisionAvengers: Age of UltronPaul Bettany
49%
MagnetoX-MenIan McKellen
47%
BladeBlade TrilogyWesley Snipes
45%
Hank PymAnt-ManMichael Douglas
45%
WaspAnt-Man and the WaspEvangeline Lilly
45%
MagnetoX-Men: Days of Future Past, ApocalypseMichael Fassbender
43%
GrandmasterThor: RagnarokJeff Goldblum
43%
UltronAvengers: Age of UltronJames Spader
40%
VenomVenomTom Hardy
40%
ValkyrieThor: RagnarokTessa Thompson
40%
StormX-Men, X2, The Last Stand, Days of Future PastHalle Berry
38%
Gwen StacyAmazing Spider-ManEmma Stone
38%
HulkHulkEric Bana
38%
Mary Jane WatsonSpider-Man TrilogyKirsten Dunst
34%
Green Goblin SeniorSpider-ManWilliam DaFoe
34%
Green Goblin Jr.Spider-Man 3James Franco
34%
YonduGuardians of the GalaxyMichael Rooker
26%
Doctor OctopusSpider-Man 2Alfred Molina
23%
VenomSpider-Man 3Topher Grace
23%
Sand-ManSpider-Man 3Thomas Haden Church
17%
X-23LoganDafne Keen
13%
Yellow JacketAnt-ManCorey Stoll
11%

Score Distribution

Percentile by Number Answered

Percent of People with Each Score

Your Score History

You have not taken this quiz since the last reset